000 00908nam a22002657a 4500
005 2011090505575.0
008 110905t xxu||||| |||| 00| 0 eng d
010 _aENG-103610
020 _a9789381385166
_c650.00
035 _aEN-87143
037 _bDBAD/PUB
040 _aDPL
_bEng
082 _a364.973
100 _934250
245 _aCrime and society /
_cedited by Nishant Singh
260 _aDelhi
_bAncient Publishing House
_c2011
270 _aV-75, Street No. 15-A, Vijay Park, Near C-11, Shiv Sadhana Mandir, Yamuna Vihar
_bDelhi
_e110053
300 _avi,271p.
_c22cm (Hb)
500 _aIncludes index
610 _934253
650 _934251
700 _934258
_aNishant Singh
942 _2ddc
_cEN
_h364.973
_mCRI
999 _c56268
_d56268